| 000 | 00771nam a2200325Ia 4500 | ||
|---|---|---|---|
| 008 | 180313s9999 xx 000 0 und d | ||
| 020 | _a9780545445191 | ||
| 050 | _bGS FIC K993 2013 bk 4 | ||
| 100 | _aKyla, May | ||
| 245 | _aMika : | ||
| 245 | _bmy new life / | ||
| 245 | _cby Kyla May. | ||
| 260 | _aNew York, New York : | ||
| 260 | _bScholastic Inc., | ||
| 260 | _c2013 | ||
| 300 | _a88 pages : | ||
| 300 | _billustrations ; | ||
| 300 | _c19cm. | ||
| 440 | _aLotus lane ; | ||
| 440 | _v4 | ||
| 650 | _aBest friends -- | ||
| 650 | _aContests -- | ||
| 650 | _aLookalikes -- | ||
| 650 | _xBranches. | ||
| 650 | _xJuvenile fiction. | ||
| 650 | _xJuvenile fiction. | ||
| 650 | _xJuvenile fiction. | ||
| 700 | _aSeries. | ||
| 700 | _aTitle. | ||
| 999 |
_c356259 _d356259 |
||